000 00606nam a2200193 a 4500
005 20140310183434.0
008 080116s19uu xx 00 eng d
020 _a159918060x
050 _aRA 777.63
_b.W44 2007
100 _aWeede, Tom
245 _aThe entrepreneur diet :
_bthe on the go plan for fitness, weight loss, and healthy living /
_cTom Weede.
260 _aU.S.A :
_bEntrepreneur Media, Inc,
_c2007.
300 _a296 p. :
_c24 cm.
521 _aNUR
650 _aBusiness people
_xHealth and hygiene.
650 _aBusiness people
_xNutrition.
942 _cBK
_2lcc
_kFOR
999 _c22812
_d22812